England County Quiz - Somerset - Statistics

General Stats
  • This quiz has been taken 383 times
  • The average score is 11 of 15
Answer Stats
Hint Answer % Correct
Spa city known to the Romans as Aquae Sulis Bath
97%
Village which has given its name to a cheese and a nearby gorge Cheddar
95%
Inlet, and extension of the Severn estuary, which separates Somerset from South Wales {Bristol} Channel
89%
Major annual event of music and performing arts, held at Worthy Farm {Glastonbury} Festival
87%
Motorway which passes through the county linking the Midlands to the south west M5
85%
Village in Somerset and location of a popular show cave tourist attraction {Wookey} Hole
78%
Smallest city in England, aside from the tiny City of London Wells
76%
County town Taunton
74%
Range of limestone hills to the south of Bristol which run east to west across the county {Mendip} Hills
66%
Coastal resort town in the west of the county and the location of a Butlin's holiday camp Minehead
66%
National Park which occupies part of the west of the county Exmoor
61%
Star of Monty Python who was born in Weston Super-Mare in 1939 John Cleese
61%
Town with a history of glove making and a football team called 'The Glovers' Yeovil
59%
Frome born Formula One driver who won the 2009 F1 World Championship Jenson Button
52%
Hills near Bridgwater which comprise England's first Area of Outstanding Natural Beauty {Quantock} Hills
49%
No matching quizzes found
Score Distribution
Percent of People with Each Score
Percentile by Number Answered
Your Score History
You have not taken this quiz